| 000 | 00590nam a2200169 a 4500 | ||
|---|---|---|---|
| 001 | 000048456 | ||
| 005 | 20201002061152.0 | ||
| 008 | 190321s2018 dr a r 000 spa d | ||
| 020 | _a9789945913729 | ||
| 040 |
_aDO-SdBNP _bspa |
||
| 082 |
_axxx _bN734 |
||
| 245 | 0 |
_aNivelación académica para la admisión universitaria : _blectura y redacción guía para estuduiantes, módulo 2. |
|
| 246 | _adiscursos descrptivos | ||
| 260 |
_aSanto Domingo : _bInstituto Superior de Formación Docente Salomé Ureña, _c2018. |
||
| 300 |
_a99 p. : _bil. ; _c28 cm. |
||
| 590 | _aInventariado, 2019 / DG | ||
| 999 |
_c47944 _d47944 |
||